Welcome to CU Library Online Public Access Catalogue (OPAC)

International economics (Record no. 5250)

MARC details
000 -LEADER
fixed length control field 00404nam a22001577a 4500
005 - DATE AND TIME OF LATEST TRANSACTION
control field 20250327112548.0
008 - FIXED-LENGTH DATA ELEMENTS--GENERAL INFORMATION
fixed length control field 250327b |||||||| |||| 00| 0 eng d
020 ## - INTERNATIONAL STANDARD BOOK NUMBER
International Standard Book Number 8122005349
050 ## - LIBRARY OF CONGRESS CALL NUMBER
Classification number HF1411
Item number DWI
100 ## - MAIN ENTRY--PERSONAL NAME
Personal name Dwivedi, D.N.
245 ## - TITLE STATEMENT
Title International economics
260 ## - PUBLICATION, DISTRIBUTION, ETC.
Place of publication, distribution, etc. New Delhi
Name of publisher, distributor, etc. Konark Publishers Pvt Ltd.
Date of publication, distribution, etc. c1999
300 ## - PHYSICAL DESCRIPTION
Extent xiv, 366p
500 ## - GENERAL NOTE
General note subject index
942 ## - ADDED ENTRY ELEMENTS (KOHA)
Source of classification or shelving scheme Library of Congress Classification
Koha item type Books
Suppress in OPAC No
999 ## -
-- 5250
-- 5250
Holdings
Withdrawn status Lost status Source of classification or shelving scheme Damaged status Not for loan Collection Home library Current library Shelving location Date acquired Total checkouts Full call number Barcode Date last seen Copy number Price effective from Koha item type
    Library of Congress Classification     Non-fiction Undergraduate Library (Christ Temple) Undergraduate Library (Christ Temple) General stacks 03/27/2025   HF1411 DWI ulct00002006 03/27/2025 1 03/27/2025 Books
    Library of Congress Classification     Non-fiction Undergraduate Library (Christ Temple) Undergraduate Library (Christ Temple) General stacks 03/27/2025   HF1411 DWI ulct00002007 03/27/2025 2 03/27/2025 Books
© 2023-2024 Copyright: Central University Libraries. All Rights Reserved | Created by: Mahone Tech Office